| 000 | 00534nam a22001937a 4500 | ||
|---|---|---|---|
| 003 | BD-ChCU | ||
| 005 | 20241106122716.0 | ||
| 008 | 241106b nyu ||||| |||| 00| 0 eng d | ||
| 020 | _a9781482226584 | ||
| 040 | _cBD-ChCU | ||
| 082 |
_222 _a519.6 _bB996f |
||
| 100 |
_aByrne,Charles.L. _95409 |
||
| 245 |
_aA first course in optimization / _cCharles.L.Byrne. |
||
| 260 |
_aNew York : _bC R C Press, _cc2015 |
||
| 300 | _a286 P. : | ||
| 504 | _aIncludes Index. | ||
| 650 | 0 |
_aMathematical Optimization. _95410 |
|
| 942 |
_2ddc _cBK _n0 |
||
| 999 |
_c104455 _d104455 |
||